000 nam a22 7a 4500
999 _c10794
_d10794
008 180223b ||||| |||| 00| 0 eng d
100 _aVivekananda, S
_96635
245 _aAwakening India
260 _aNew Delhi
_bRamakrishna Publication
_c2011